Statistics for 2017-18 Champions League Group Stage

Click here to take the quiz!

General Stats

  • This quiz has been taken 34 times
  • The average score is 28 of 32

Answer Stats

% Correct
Liverpool
100%
Real Madrid
100%
Borussia Dortmund
100%
Manchester City
100%
Juventus
100%
Atletico Madrid
100%
Barcelona
97%
Monaco
97%
Sevilla
97%
Tottenham Hotspur
97%
Roma
97%
Manchester United
97%
Bayern Munich
97%
Paris Saint-Germain
97%
Porto
94%
Chelsea
94%
Napoli
94%
Benfica
94%
Basel
90%
Celtic
87%
Sporting Lisbon
87%
Anderlecht
84%
CSKA Moscow
84%
Olympiakos
81%
Feyenoord
77%
RB Leipzig
77%
Apoel Nicosia
74%
Maribor
68%
Spartak Moscow
68%
Shakhtar Donetsk
68%
Besiktas
68%
Qarabag
55%

Score Distribution

Percentile by Number Answered

Percent of People with Each Score

Your Score History

You have not taken this quiz